000 00286nam a22001217a 4500
008 230619b xxu||||| |||| 00| 0 eng d
082 _a15.13
_bMCD
100 _cIan Mc Dougall
245 _aAfrican Turmoil
260 _aLondon
_bElek Books LTD
_c1934
300 _a192p
942 _2ddc
_cBK
999 _c1191
_d1191